| 000 | 00505cam a2200169 4500 | ||
|---|---|---|---|
| 082 |
_a940.51 _bSEL |
||
| 100 | 1 |
_aSeldes, George, _949645 |
|
| 245 | 1 | 0 |
_aWorld panorama, 1918-1933 _c[by] George Seldes. |
| 260 |
_aBoston, _bLittle, Brown, and company, _c1933. |
||
| 300 |
_a392 p. _billus. _c23 cm. |
||
| 526 |
_a0 _b0 _c0 _d940_510000000000000_SEL |
||
| 650 | 0 | _aEconomic history | |
| 650 | 0 |
_aMCE _9379 |
|
| 650 | 0 | _aWorld politics. | |
| 650 | 0 |
_aWorld War, 1914-1918 _xInfluence. _949646 |
|
| 942 |
_2ddc _cBK |
||
| 999 |
_c552437 _d552437 |
||